| LEADER |
01013nam0a2200205 450 |
| 001 |
16848029 |
| 010 |
|
|
|a 978-2-35584-112-5
|b br.
|d 23
|
| 100 |
|
|
|a 20140519d2014 u u0frey01 ba
|
| 101 |
1 |
|
|a fre
|c eng
|
| 102 |
|
|
|a FR
|
| 200 |
0 |
|
|a Deux mondes (Les)
|f Neal Stephenson
|g traduit de l'anglais (Etats-Unis) par Héloïse Esquié
|
| 207 |
|
1 |
|a
|
| 215 |
|
|
|a 674 p.
|d 22 x 14 cm
|
| 330 |
|
|
|a Richard Forthrast se réfugie dans les Rocheuses canadiennes pour fuir la guerre du Vietnam. Il fait fortune grâce à l'importation de marijuana. Ses gains sont investis dans la société Corporation 9592, qui exploite T'Rain, un jeu vidéo en ligne. Une traque virtuelle et réelle se met en place pour traquer un hacker qui rançonne les joueurs.
|
| 461 |
|
0 |
|t Les deux mondes
|v 01
|
| 700 |
|
0 |
|a Stephenson
|b Neal
|4 70
|
| 702 |
|
0 |
|a Esquié
|b Héloïse
|4 730
|
| 900 |
|
|
|a Roman Policier
|
| 901 |
|
|
|a Accessible au prêt
|
| 995 |
|
|
|a Bibliothèque
|c Bibliothèque
|f 00156010351799
|h 00156010351799
|k RP STE 1
|o p
|q a
|r az
|e Bibliothèque
|